000 01361naa a2200361 i 4500
003 EG-GICUC
005 20260121101419.0
008 251203s1924 us ||||fr|||| 001 0 eng d
040 _aEG-GiCUC
_beng
_cEG-GiCUC
_dEG-GiCUC
_erda
041 1 _aeng
082 0 4 _221
_a341.3
_bGE . L
092 0 4 _221
099 _aLaw1 11 341.3 GE . L 1924
100 1 _aGentili, Alberico,
_d1552-1608,
_eAuthor.
245 1 3 _aDe legationibvs libri tres.
_nVolume 2,
_pThe translation /
_cby Alberico Gentili ; The translation by Gordon J. Laing.
264 3 _aNew York :
_bOxford University Press,
_c1924.
300 _aVarious paging ;
_c24 cm.
336 _2rda content
_atext
337 _2rda media
_aComputer
338 _2rda carrier
_aOnline Resource
490 0 _aThe classics of international law
500 _aIncludes index
500 _aTranslated from Latin
504 _aIncludes marginal notes (side-notes)
505 _av. 1. The photographic reproduction of the edition of 1594 / with an introduction by Ernest Nys v. 2. The translation / by Gordon J. Laing.
546 _aText in English
650 1 4 _aDiplomacy
_xPublic international law
651 1 _2qrmak
700 1 _aLaing, Gordon Jennings,
_d1869-1945,
_eTranslator.
856 4 0 _uhttps://fll.law.cu.edu.eg/fulltext/bks/B11-05400.pdf
905 _a75
_eHassnaa
942 _2ddc
_n0
_cBK
_e21
999 _c48091
_d48091